LEADER 01221nam a2200277 u 4500 001 000000061552 003 CaOOAMICUS 005 20070226121033.0 008 010910s1928 gw u000 u ger u 035 $a10902068 040 $aPUL(R)$bita 041 0 $ager$alat$agrc 100 1 $aKroll, Josef,$d1889-$0(OLS)http://pul/name/42006 245 14$aDie Lehren des Hermes Trismegistos /$cvon Josef Kroll. 260 $aMünster i. W. :$bAschendorff,$c1928. 300 $axii, 441 p. ;$c24 cm 490 1 $aBeiträge zur Geschichte der Philosophie des Mittelalters.$aTexte und Untersuchungen ;$vBd. 12, Hft. 2-4 500 $aContiene indice. 504 $aBibliografia in nota. 600 04$aHermes, Trismegistus.$0(OLS)http://pul/subject/237 830 0$aBeiträge zur Geschichte der Philosophie des Mittelalters.$pTexte und Untersuchungen ;$vBd. 12, Hft. 2-4.$0(OLS)http://pul/title/1793 850 $aPUL 852 $aPUL$W1$xDP2 Religione 2$y113$mTheol A2 12$j8552$nBK-PRI$qStampati altre collocazioni$B80179$CPULBib$Z2$F80179 $82 941 1 $a10 996 $6245$aDie Lehren des Hermes Trismegistos$9(OLS)http://pul/title/82180 996 $6260$aMünster i. W. :$bAschendorff$9(OLS)http://pul/publisher/48608 LEADER 01200nam a2200301 a 4500 001 000000148972 003 CaOOAMICUS 005 20160129144334.0 008 160129s1986 it u000 u ita r 020 $a88-372-1281-X* 032 $aLibriCat 040 $aPUL$bita 100 1 $aFranco, Ettore.$0(OLS)http://pul/name/95045 245 10$aComunione e partecipazione : $bla koinonia nell'epistolario paolino /$cEttore Franco. 260 $aBrescia :$bMorcelliana,$c©1986. 300 $aXIII, 346 p. ;$c24 cm. 490 1 $aAloisiana ;$v20 500 $aInclude indice. 504 $aBibliografia in nota. 600 04$aPaulus,$cs., apostolo.$0(OLS)http://pul/subject/417 830 0$aAloisiana ;$v20.$0(OLS)http://pul/title/31 850 $aPUL 852 $aPUL$W1$xDP1 Fondo Bordoni$y120$m3 G 14$j166710$qFondi$B173198$CPULBib$Z2$F173198 $HBor1120 $81 941 1 $a1 996 $6020$a88-372-1281-X*$9(OLS)http://pul/number/159502 996 $6245$aComunione e partecipazione : $bla koinonia nell'epistolario paolino$9(OLS)http://pul/title/187849 996 $6260$aBrescia :$bMorcelliana$9(OLS)http://pul/publisher/47854